000 00606nam a2200229Ia 4500
003 OSt
005 20220918201946.0
006 a|||||r|||| 00| 0
007 ta
008 220917b |||||||| |||| 00| 0 eng d
024 _a97,729
037 _cTextual
040 _aARTS
_cARTS
_beng
041 _2eng
_aeng
082 _aV2:25wM25, M9
100 _aRawal Munni
_9101522
245 0 _aDadabhai Naoroji
_b A prophet of Indian nationalism
260 _aN.D
_bAnmol Pub
_c1989
650 _aHISTORY
942 _hV2:25wM25, M9
_cTEXL
_2CC
999 _c221323
_d221323